| 000 | 00000nam 2200000za 4500 |
| 001 | 9.843437 |
| 003 | CaOODSP |
| 005 | 20251103145408 |
| 007 | cr ||||||||||| |
| 008 | 170912s2016 onc o f000 0 fre d |
| 040 | |aCaOODSP|bfre |
| 043 | |an-cn--- |
| 086 | 1 |aD97-1/3-2016F-PDF |
| 245 | 00|aRefonte des conseils et directives en matière de sécurité des TI |h[ressource électronique]. |
| 260 | |a[Ottawa] : |bCentre de la sécurité des télécommunications, |c2016. |
| 300 | |a[2] p. |
| 490 | 1 |aSérie sensibilisation ; |vITSAP.00.003 |
| 500 | |aPubl. aussi en anglais sous le titre : ITS advice and guidance publications renewal. |
| 500 | |aTitre de départ. |
| 500 | |a« Non classifié. » |
| 500 | |a« Septembre 2016. » |
| 500 | |aPubl. aussi en format HTML. |
| 692 | 07|2gccst|aGouvernement fédéral |
| 692 | 07|2gccst|aSécurité informatique |
| 710 | 2 |aCentre de la sécurité des télécommunications (Canada) |
| 775 | 08|tITS advice and guidance publications renewal |w(CaOODSP)9.843433 |
| 830 | #0|aSérie sensibilisation (Centre de la sécurité des télécommunications (Canada))|vITSAP.00.003.|w(CaOODSP)9.842817 |
| 856 | 40|qPDF|s964 Ko|uhttps://publications.gc.ca/collections/collection_2017/cstc-csec/D97-1-3-2016-fra.pdf |
| 856 | 4 |qHTML|sS.O.|uhttps://cyber.gc.ca/fr/orientation/refonte-des-conseils-et-directives-en-matiere-de-securite-des-ti-itsap00003 |